000 00310nam a22001337a 4500
008 171103b xxu||||| |||| 00| 0 eng d
020 _a0814475620
041 _aeng
080 _a339.138
100 _a60
101 _aMAR
245 _aMARKETING FOR THE NON-MARKETING EXECUTIVE
_cELAM,H.G
942 _2udc
_cBK
999 _c37444
_d37444